| 000 | 00566nam a2200193Ia 4500 | ||
|---|---|---|---|
| 003 | OSt | ||
| 005 | 20250214170512.0 | ||
| 008 | 210210b1932 xxu||||| |||| 00| 0 eng d | ||
| 040 | _cAL | ||
| 041 | _ahin | ||
| 082 | _a862/114 | ||
| 100 |
_aTAGORE (Keshav Kumar) Ed _9199909 |
||
| 110 |
_bटैगोर केशव कुमार _9199910 |
||
| 245 |
_aSvastya aur vyayam: _bस्वस्थ्य और व्यायाम |
||
| 260 |
_aPrayag _bChatrhitakari Pustakmala _c1932 |
||
| 690 |
_aHindi Prose _9199911 |
||
| 906 | _a023357 | ||
| 942 |
_2ddc _cBK |
||
| 999 |
_c148401 _d148401 |
||